| 000 | 01868ngm a22003130a 4500 | ||
|---|---|---|---|
| 001 | PT36217 | ||
| 003 | AR-LpoUNG | ||
| 005 | 20210202000503.0 | ||
| 007 | vd cvaizq | ||
| 008 | 191001s2009||||ag |||||||||||||||||spa d | ||
| 037 | _c$7.05 | ||
| 040 |
_aAR-LpoUNG _bspa _cAR-LpoUNG _eaacr |
||
| 041 | _aspa | ||
| 044 | _aag | ||
| 082 | 0 | _a306.8 176nov | |
| 100 | 1 |
_aTaratuto, Juan _edir. |
|
| 245 | 1 | 3 | _aUn novio para mi mujer |
| 260 |
_aSan Luis : _bAVH, _c2009. |
||
| 300 | _aDVD (101 min.) : son., col. | ||
| 505 | 0 | _aHecha en 2008. - Elenco: Adrián Suar (Tenso), Valeria Bertuccelli (Tana), Gabriel Goity (Cuervo), Marcelo Xicarts (Carlos), Luis Herrera (El negro), Martín Salazar (Gabriel), Oscar Núñez (Amílcar), Benjamín Amadeo (Damián Kopolski). - Créditos: Guión, Pablo Solarz; producción, Juan Pablo Galli. Juan Vera y Alejandro Cacetta; dirección de producción, Juan Lovece; jefe de producción, Natalia Martín; asistente de dirección, Guillermo Greco; fotografía, Pablo Schverdfinger. | |
| 520 | _aEl Tenso no sabe cómo enfrentar a su mujer, la Tana, para decirle que se quiere separar, ya que la relación se le hace insostenible debido a su terrible carácter. Ella vive constantemente malhumorada: si no protesta por el tiempo, es por el gobierno; si no es por los vecinos, es por los jóvenes, o por los viejos o por lo que fuere. Carlos, amigo del Tenso, le sugiere invertir el problema y provocar que la Tana lo abandone a el. Cómo se pregunta el Tenso, y Carlos le presenta una propuesta: recurrir al Cuervo Flores, un viejo seductor irresistible para que conquiste a su mujer hasta el enamoramiento para que por fin el Tenso encuentre la solución a sus problemas. | ||
| 651 | 4 | _aArgentina | |
| 653 | _aCINE ARGENTINO | ||
| 653 | _aCOMEDIA | ||
| 653 | _aDVD | ||
| 653 | _aVIDEOS | ||
| 905 | _a36217 | ||
| 942 | _cDVD | ||
| 999 |
_c54950 _d54950 |
||